[Event "Southwest op U2000 65th"]
[Site "Houston"]
[Date "1999.09.04"]
[Round "2"]
[White "Sauceda, Joel"]
[Black "Grimm, Jerome"]
[Result "1-0"]
[WhiteElo "1739"]
[BlackElo "1806"]
[PlyCount "73"]
[EventDate "1999.09.04"]
[EventType "swiss"]
[EventRounds "6"]
[EventCountry "USA"]
[SourceTitle "EXT 2001"]
[Source "ChessBase"]
[SourceDate "2000.11.22"]
[SourceVersion "1"]
[SourceVersionDate "2000.11.22"]
[SourceQuality "1"]

1. d4 Nf6 2. c4 e5 3. dxe5 Ng4 4. Nf3 Nc6 5. e3 Ncxe5 6. Be2 d6 7. Nxe5 Nxe5 8. 0-0 Be7 9. Nc3 Be6 10. f4 Nc6 11. a3 0-0 12. f5 Bd7 13. e4 Ne5 14. Nd5 Re8 15. Bf4 Bg5 16. Bxg5 Qxg5 17. Nxc7 Bc6 18. Qc1 Qxc1 19. Raxc1 Bxe4 20. Nxa8 Rxa8 21. Rcd1 Rd8 22. Rf4 Bc2 23. Rd2 Bb3 24. Rfd4 Re8 25. Rxd6 h5 26. Rd8 Kf8 27. Rxe8+ Kxe8 28. Rd4 Ke7 29. Rh4 g6 30. fxg6 fxg6 31. h3 Ke6 32. g4 Bxc4 33. Bxc4+ Nxc4 34. gxh5 Ne5 35. h6 Nf3+ 36. Kf2 Nxh4 37. h7 1-0